Readings in the Qura̓̄n / (Record no. 178)
| 000 -LEADER | |
|---|---|
| fixed length control field | 01005cam a22003134a 4500 |
| 001 - CONTROL NUMBER | |
| control field | 3575657 |
| 003 - CONTROL NUMBER IDENTIFIER | |
| control field | OSt |
| 005 - DATE AND TIME OF LATEST TRANSACTION | |
| control field | 20140116120820.0 |
| 008 - FIXED-LENGTH DATA ELEMENTS--GENERAL INFORMATION | |
| fixed length control field | 990401r19991988oru 001 0 eng |
| 010 ## - LIBRARY OF CONGRESS CONTROL NUMBER | |
| LC control number | 99024296 |
| 020 ## - INTERNATIONAL STANDARD BOOK NUMBER | |
| International Standard Book Number | 9781902210315 |
| 040 ## - CATALOGING SOURCE | |
| Original cataloging agency | DLC |
| Transcribing agency | DLC |
| Modifying agency | DLC |
| 041 1# - LANGUAGE CODE | |
| Language code of text/sound track or separate title | eng |
| Language code of original and/or intermediate translations of text | ara |
| 042 ## - AUTHENTICATION CODE | |
| Authentication code | pcc |
| 050 00 - LIBRARY OF CONGRESS CALL NUMBER | |
| Classification number | BP110.R43 2009 |
| 130 0# - MAIN ENTRY--UNIFORM TITLE | |
| Uniform title | Koran. |
| Language of a work | English. |
| Form subheading | Selections. |
| 245 10 - TITLE STATEMENT | |
| Title | Readings in the Qura̓̄n / |
| Statement of responsibility, etc | selected and translated by Kenneth Cragg. |
| 260 ## - PUBLICATION, DISTRIBUTION, ETC. (IMPRINT) | |
| Place of publication, distribution, etc | Brighton, [England] ; Portland, Or. : |
| Name of publisher, distributor, etc | Sussex Academic, |
| Date of publication, distribution, etc | 2009. |
| 300 ## - PHYSICAL DESCRIPTION | |
| Extent | 389 p. ; |
| 500 ## - GENERAL NOTE | |
| General note | Originally published: San Francisco : Collins, 1988. |
| 500 ## - GENERAL NOTE | |
| General note | Includes indexes. |
| 650 ## - SUBJECT ADDED ENTRY--TOPICAL TERM | |
| Topical term or geographic name as entry element | qur'an |
| 650 ## - SUBJECT ADDED ENTRY--TOPICAL TERM | |
| Source of heading or term | Koran. English. Selections |
| 700 1# - ADDED ENTRY--PERSONAL NAME | |
| Personal name | Cragg, Kenneth. |
| 906 ## - LOCAL DATA ELEMENT F, LDF (RLIN) | |
| a | 7 |
| b | cbc |
| c | orignew |
| d | 1 |
| e | ocip |
| f | 19 |
| g | y-gencatlg |
| 942 ## - ADDED ENTRY ELEMENTS (KOHA) | |
| Source of classification or shelving scheme | |
| Koha item type | Book |
| Withdrawn status | Lost status | Source of classification or shelving scheme | Damaged status | Not for loan | Home library | Current library | Date acquired | Source of acquisition | Total Checkouts | Full call number | Barcode | Date last seen | Copy number | Price effective from | Koha item type |
|---|---|---|---|---|---|---|---|---|---|---|---|---|---|---|---|
| Riara University Library | Riara University Library | 11/10/2011 | Purchase | BP110.R43 2009 | 1170/11 | 11/10/2011 | C.1 | 11/10/2011 | Book | ||||||
| Riara University Library | Riara University Library | 11/10/2011 | Purchase | BP110.R43 2009 | 1171/11 | 11/10/2011 | C.2 | 11/10/2011 | Book | ||||||
| Riara University Library | Riara University Library | 11/10/2011 | Purchase | BP110.R43 2009 | 1172/11 | 11/10/2011 | C.3 | 11/10/2011 | Book |
